The Shortest Quiz Stats

 Plays Quiz not verified by Sporcle

Challenge
Share
Tweet
Embed
Score 0/30 Timer 06:00
0 Plays Today
Category Answer % Correct
MonthsMay
91.4%
US StatesIowa, Ohio, Utah
88.6%
Solar System PlanetsMars
88.6%
Crayola ColoursRed, Tan
88.6%
CountriesPeru, Iran, Cuba...
82.9%
Greek Alphabet LettersPi, Mu, Xi...
82.9%
Greek Olympian GodsZeus, Ares, Hera
82.9%
ElementsTin
68.6%
World CapitalsRome, Kiev, Bern...
68.6%
NATO Phonetic Alphabet (no numbers)Echo, Golf, Zulu...
68.6%
Animated Oscar WinnersUp
65.7%
Star SignsLeo
62.9%
Orchestral InstrumentsOboe, Tuba, Harp...
62.9%
Books of the BibleJob
60%
Official UN LanguagesFrench, Arabic
57.1%
Category Answer % Correct
Chinese Zodiac AnimalsOx
54.3%
Plays by ShakespeareHamlet, Henry V
51.4%
AKC Dog BreedsPug
42.9%
Euro-replaced CurrenciesLire, Mark
42.9%
Human BonesRib
37.1%
Emmy-awarded TV Shows24, E.R.
37.1%
PokémonMew, Muk
34.3%
James Bond FilmsDr. No
34.3%
Risk TerritoriesPeru, Ural
34.3%
Current Olympic EventsJudo, Golf, Luge
25.7%
ABBA SinglesSOS
25.7%
Harry Potter Characters (last name)Krum, Bell, Doge...
22.9%
Mario Kart Racers (All Games)Mii, R.O.B.
17.1%
Animated Disney FilmsBolt
17.1%
SI Base UnitsMole
17.1%

You're not logged in!

Compare scores with friends on all Sporcle quizzes.
OR
Log In

You Might Also Like...

Show Comments

Extras

Created Dec 10, 2011ReportNominate
Tags:acronym, category, shortest

Top Quizzes Today


Score Distribution

Your Account Isn't Verified!

In order to create a playlist on Sporcle, you need to verify the email address you used during registration. Go to your Sporcle Settings to finish the process.

Report this User

Report this user for behavior that violates our Community Guidelines.

Details: